02228nam a2200397 i 450000100190000000500170001900600190003600700150005500800410007002000180011103500240012903500250015303500240017803500210020203500280022303500220025103500280027303500280030104000410032904100080037005000280037810000360040624501110044225000190055326000450057230000280061750400510064552007980069658800720149458800470156665000500161365000440166394200080170795201000171599900150181599110740005280619620250408084122.0m o d | cr cnu||||||||240901s2024 enka ob 001 0 eng d a9781447371106 a(MiAaPQ)EBC31181898 a(Au-PeEL)EBL31181898 a(CKB)34168940600041 a(DE-B1597)694765 a(DE-B1597)9781447371137 a(OCoLC)1453321641 a(MdBmJHUP)musev2_122820 a(EXLCZ)9934168940600041 aMiAaPQbengerdaepncMiAaPQdMiAaPQ aeng 4aRA564.9.T73b.C355 2024 aCallahan, Evelyneauthor92513114aThe sick trans personb: negotiations, healthcare, and the tension of demedicalizationc/ Evelyn Callahan. aFirst edition. aBristol, England :bPolicy Press,c2024. avi, 154 pages ;c24 cm. aIncludes bibliographical references and index. aHealthcare for transgender people is in crisis. Many of the problems stem from bureaucracies within the health system, limiting conceptualizations of sex and gender, and the requirement for a diagnosis of ‘gender dysphoria’. This book presents a unique argument for full demedicalization of transness as a crucial step towards removing existing barriers to good healthcare. Resisting the current norm of separating sex and gender, it also argues for an understanding of them as necessarily interlinked and co-constructed. By elevating trans voices and experiences, this book offers a new perspective on transness, medicalization and research methodologies to help trans people, practitioners and policy makers better understand the barriers faced by trans people when seeking healthcare. aDescription based on publisher supplied metadata and other sources. aDescription based on print version record. 0aTransgender peoplexHealth and hygiene925132 0aTransgender peoplexMedical care925133 2lcc 00102lcc4070aTBSbTBSd2025-04-08l0oRA564.9.T73 CALpB05897r2025-04-08t1w2025-04-08y1 c4633d4633